Mujeres en America Latina : aportes para una discusion.

Bibliographic Details
Corporate Author: United Nations. Economic Commission for Latin America
Format: Book
Language:Spanish
Published: Mexico : Fondo de Cultura Economica, 1975.
Edition:1a ed.
Series:Sección de obras de economía (Fondo de Cultura Económica (Mexico))
Subjects:

MARC

Tag First Indicator Second Indicator Subfields
LEADER 00000cam a2200000 a 4500
001 in00000084984
005 20151008054436.0
008 760723s1975 mx b 00000 spa d
035 |a (OCoLC)02328895 
035 |9 AAJ0673AM 
040 |a ANC  |c ANC  |d m.c.  |d TXA  |d UtOrBLW 
043 |a cl----- 
049 |a TXAM  |c [1272021] 
090 |a HQ1460.5  |b .M8 
245 0 0 |a Mujeres en America Latina :  |b aportes para una discusion. 
250 |a 1a ed. 
264 1 |a Mexico :  |b Fondo de Cultura Economica,  |c 1975. 
300 |a 204 pages ;  |c 21 cm. 
336 |a text  |b txt  |2 rdacontent 
337 |a unmediated  |b n  |2 rdamedia 
338 |a volume  |b nc  |2 rdacarrier 
490 1 |a Seccion de obras de economia 
500 |a At head of title: Comision Economica para America Latina [CEPAL] 
504 |a Includes bibliographical references. 
650 0 |a Women  |z Latin America. 
710 2 |a United Nations.  |b Economic Commission for Latin America. 
830 0 |a Sección de obras de economía (Fondo de Cultura Económica (Mexico)) 
999 |a MARS 
999 f f |s 4f62ba6d-d21c-310b-afcf-a26047781004  |i faab219b-15b1-3f4e-9b18-5820cba44a69  |t 0 
952 f f |p ric  |a Texas A&M University  |b Rellis Campus  |c Joint Library Facility  |d Remote Storage  |t 0  |e HQ1460.5 .M8  |h Library of Congress classification  |i unmediated -- volume  |m A14806143617 
998 f f |a HQ1460.5 .M8  |t 0  |l Remote Storage